| 000 | 00453nam a22001697a 4500 | ||
|---|---|---|---|
| 003 | URS | ||
| 005 | 20220114171739.0 | ||
| 008 | 170531b xxu||||| |||| 00| 0 eng d | ||
| 020 | _a9812406530 | ||
| 050 |
_aHF5548.32 _bS361 2001 |
||
| 100 | _aSchneider, Gary P | ||
| 245 |
_aElectronic Commerce _cGary P. Schneider, James T. Perry |
||
| 250 | _aSecond edition | ||
| 260 |
_bThomson Learning Asia _c2001 |
||
| 700 | _aPerry, James T. | ||
| 942 |
_2lcc _cFR |
||
| 999 |
_c14662 _d14662 |
||